| 000 | 00579nam a2200205Ia 4500 | ||
|---|---|---|---|
| 003 | GCL | ||
| 008 | 140319s9999 xx 000 0 ara d | ||
| 040 |
_aGCL / _cGCL |
||
| 082 | 0 | 4 |
_a818.07 _bد ر |
| 100 | 1 | _aداهش | |
| 245 | 1 | 0 |
_aالرحلات الداهيشية حول الكرة الارضية / _cداهش |
| 260 |
_a[S.N] : _bدار النار والنور ، _c1983 |
||
| 300 | _a140 ص | ||
| 490 |
_aتراث داهش _v0 |
||
| 650 | 0 | 4 | _aالادب العربى |
| 650 | 0 | 4 | _aالادب |
| 650 | 0 | 4 | _aالرحلات |
| 650 | 0 | 4 | _aالوصف |
| 942 |
_2ddc _cBK |
||
| 999 |
_c27828 _d27828 |
||